000 00380nam a2200157Ia 4500
008 230917s9999||||xx |||||||||||||| ||und||
020 _cPOU10
040 _e243
_aMAIN
041 _aEnglish
082 _a667.6 B69P
100 _aBoxall, J
245 0 _aPoint formulation: Principle and practice
260 _aLondon
_bGeorge Goodwin
_c1980
300 _a195 p.
942 _cBK
999 _c203177
_d203177